Ursachenanalyse von marketingbedingten IST-SOLL-Deckungsbeitragsabweichungen.

Možnosť plánovať funkcie reakcií odbytu v závislosti od marketingových nástrojov. Dekompozícia celkovej odchýlky podľa rôznych príčin a nástrojov. Náklady na uplatnenie jednotlivých marketingových nástrojov a úhrady na ich krytie. Získanie podrobných informácií o efektívnosti marketingových informác...

Full description

Saved in:
Bibliographic Details
Main Author: Albers, Sönke
Format: Book Chapter
Language:German
Subjects:
Tags: Add Tag
No Tags, Be the first to tag this record!

MARC

LEADER 00000naa a2200000 4500
001 r009115
005 20221130113417.4
041 0 |a ger 
044 |a DE 
245 1 0 |a Ursachenanalyse von marketingbedingten IST-SOLL-Deckungsbeitragsabweichungen.  |c S. Albers 
520 |a Možnosť plánovať funkcie reakcií odbytu v závislosti od marketingových nástrojov. Dekompozícia celkovej odchýlky podľa rôznych príčin a nástrojov. Náklady na uplatnenie jednotlivých marketingových nástrojov a úhrady na ich krytie. Získanie podrobných informácií o efektívnosti marketingových informácií. Realizácia marketingového plánovania a controllingu na báze funkcií reakcií odbytu. 
610 2 0 |a marketing 
610 2 0 |a odbyt 
610 2 0 |a nástroje ekonomické 
610 2 0 |a plánovanie 
610 2 0 |a kontroling 
610 2 0 |a informácie hospodárske 
100 1 |a Albers, Sönke